Estadísticas para 5 Países menos Lluviosos por Continente

Haz click aquí para intentar la prueba.

Estadísticas generales

  • Esta prueba ha sido intentada 109 veces
  • La puntuación promedio es 22 de 30

Estadísticas de respuestas

ContinentecmPaís% Correcto
América del Sur103.2Chile
92%
América del Sur61.5Argentina
91%
América del Sur114.7Bolivia
91%
Oceanía52.8Australia
90%
América del Sur121.0Paraguay
90%
América del Sur130.3Uruguay
90%
Asia10.2Arabia Saudita
87%
África2.5Egipto
87%
América del Norte74.6México
87%
América del Norte78.2Estados Unidos
83%
Asia7.2Catar
81%
Oceanía157.9Nueva Zelanda
81%
América del Norte54.6Canadá
79%
Asia6.2Emiratos Árabes Unidos
79%
África9.1Argelia
78%
Asia5.5Omán
78%
África4.4Libia
74%
Oceanía244.0Fiyi
70%
Europa36.7Malta
70%
Asia8.9Baréin
65%
África10.7Mauritania
65%
Europa47.5Rusia
64%
África16.8Níger
62%
Europa55.1Ucrania
62%
Europa50.2Moldavia
57%
Oceanía196.0Tonga
55%
Oceanía197.9Kiribati
53%
América del Norte106.3Antigua y Barbuda
46%
América del Norte109.6San Cristóbal y Nieves
44%
Europa59.6Finlandia
35%

Distribución de puntuación

Porcentaje por número respondido

Porcentaje de gente con cada puntuación

Historial de tus puntuaciones

No has intentado esta prueba.